Carlos III y su época (Record no. 128734)

MARC details
000 -LEADER
campo de control de longitud fija 00795nam a2200241 i 4500
001 - NÚMERO DE CONTROL
campo de control 128734
003 - IDENTIFICADOR DE NÚMERO DE CONTROL
campo de control ES-MaACL
005 - FECHA Y HORA DE LA ÚLTIMA TRANSACCIÓN
campo de control 20250805055623.0
007 - CAMPO FIJO DE DESCRIPCIÓN FÍSICA--INFORMACIÓN GENERAL
campo de control de longitud fija t|
008 - DATOS DE LONGITUD FIJA--INFORMACIÓN GENERAL
campo de control de longitud fija 070524s1962 sp ||||1| spa d
080 ## - NÚMERO DE LA CLASIFICACIÓN DECIMAL UNIVERSAL
Número de la Clasificación Decimal Universal 92(Carlos (46) III)
080 ## - NÚMERO DE LA CLASIFICACIÓN DECIMAL UNIVERSAL
Número de la Clasificación Decimal Universal 946"1759/88
100 1# - ENTRADA PRINCIPAL--NOMBRE DE PERSONA
Nombre de persona Tapia Ozcariz, Enrique de.
9 (RLIN) 109240
245 10 - MENCIÓN DEL TÍTULO
Título Carlos III y su época
Resto del título : biografía del siglo XVIII /
Mención de responsabilidad, etc. Enrique de Tapia Ozcariz.
260 ## - PUBLICACIÓN, DISTRIBUCIÓN, ETC.
Lugar de publicación, distribución, etc. [Madrid] :
Nombre del editor, distribuidor, etc. Aguilar,
Fecha de publicación, distribución, etc. [1962]
300 ## - DESCRIPCIÓN FÍSICA
Extensión 417 p., 17 h. de lám ;
Dimensiones 23 cm.
490 1# - MENCIÓN DE SERIE
Mención de serie Evocaciones y Memorias
600 04 - PUNTO DE ACCESO ADICIONAL DE MATERIA--NOMBRE DE PERSONA
Nombre de persona Carlos
Numeración III,
Títulos y otros términos asociados al nombre Rey de España
9 (RLIN) 35305
651 #4 - PUNTO DE ACCESO ADICIONAL DE MATERIA--NOMBRE GEOGRÁFICO
Nombre geográfico España-
Subdivisión general Historia-
Subdivisión cronológica 1759-1788, Carlos III.
9 (RLIN) 8240
830 0# - PUNTO DE ACCESO ADICIONAL DE SERIE-TÍTULO UNIFORME
Título uniforme Evocaciones y Memorias
9 (RLIN) 184550
852 ## - LOCALIZACIÓN
Ubicación ES-MaACL
Número de control de estantería C-22521
Sublocalización o colección R.51213
Holdings
Estatus retirado Estado de pérdida Estado de daño No para préstamo Biblioteca de origen Biblioteca actual Ubicación en estantería Fecha de adquisición Fuente de adquisición Total de préstamos Signatura topográfica completa Código de barras Visto por última vez Precio de reemplazo Tipo de ítem Koha
        Biblioteca del Ateneo de Madrid Biblioteca del Ateneo de Madrid Galería 17/01/2008     C-22521 1134067 23/02/2023 23/02/2023 Libro impreso